[Event "XXVII RUS-chT Women 2020"]
[Site "Sochi"]
[Date "2020.11.25"]
[Round "6.14"]
[White "Gritsayeva, Oksana"]
[Black "Yakimova, Mariya"]
[Result "0-1"]
[WhiteElo "2351"]
[BlackElo "2244"]
[Annotator "TA"]
[PlyCount "134"]
[EventDate "2020.11.19"]
[EventType "team-tourn"]
[EventCountry "RUS"]
[SourceTitle "playchess.com"]
[Source "ChessBase"]
[SourceQuality "1"]

{[%evp 11,134,18,26,20,31,23,23,31,23,22,29,26,21,33,49,41,46,42,38,40,40,39,52,50,42,43,47,42,50,26,48,33,60,37,71,17,14,10,0,0,0,0,0,0,0,0,0,0,20,16,9,18,16,13,35,29,16,15,8,0,22,19,200,189,183,134,113,74,93,0,0,0,6,0,0,0,0,0,0,0,0,0,0,-758,-734,-29937,-12851,-29938,-12851,-5179,-2602,-29941,-29938,-390,-145,-29972,139,-29979,-29980,-29978,-29980,-29980,-29981,-29983,-29984,-29984,-29985,-29985,-29985,-29985,-29986,-29988,-29985,-29985,-29986,-29986,-29987,-29987,-29988,-29988,-29989,-29989,-29990,-29993,-29994]} 1. e4 c5 2. Nf3 Nc6 3. Bb5 d6 4. Bxc6+ bxc6 5. O-O e5 6. c3 Nf6 7. Re1 {B51: Sicilian: Moscow Variation (3 Bb5+) without 3...Bd7.} Bg4 8. h3 Bxf3 {has lost popularity (8...Bh5).} 9. Qxf3 {White has an edge.} Be7 10. d3 O-O 11. Nd2 {[%cal Bb1d2,Bd2c4,Bc4a5,Ba5b3][%mdl 32]} Ne8 12. Nc4 {[#]} f6 $146 ({Predecessor:} 12... Nc7 13. b4 cxb4 14. cxb4 Ne6 15. Be3 Bg5 16. Rab1 Bxe3 17. fxe3 Rb8 18. Rec1 Qd7 19. Qg4 Rfd8 20. a3 h6 21. Rf1 {½-½ (21) Svidler,P (2732)-Tiviakov,S (2643) Germany 2008}) 13. Qg4 Qc8 14. Be3 d5 {aiming for ...Qxg4.} 15. Qxc8 Rxc8 16. Na5 Rf7 17. Rac1 Bd8 18. Nb3 c4 19. dxc4 dxe4 20. Bc5 f5 21. Rcd1 Bb6 22. Rd2 Rb7 23. Red1 (23. g4 $16) 23... Nf6 $11 24. Kf1 Kf7 25. Ke2 f4 $1 26. Bxb6 axb6 27. Rd8 Rxd8 28. Rxd8 {[%mdl 4096] Endgame KRN-KRN} Ra7 29. a3 Ke7 30. Rb8 Nd7 31. Rg8 Kf7 $1 {[%cal Rf7g8]} 32. Rc8 c5 33. Nd2 Nf6 34. Rb8 Nd7 35. Rc8 Nf6 36. Rc6 Ra6 $2 (36... Rb7 $1 $11 {and Black stays safe.}) 37. Rc7+ $1 $18 Kf8 38. Rb7 g5 39. Nb1 h5 40. b3 (40. Nd2 $16) 40... g4 $11 41. hxg4 hxg4 42. a4 Ra8 43. Rxb6 Ke7 44. Nd2 Rh8 45. Rxf6 {[%mdl 64] Remove Defender} Kxf6 46. Nxe4+ {[%mdl 64] Double Attack. KR-KN} Kf5 47. Nxc5 $2 {[%mdl 8192]} (47. Nd6+ $11 Ke6 48. Ne4) 47... e4 $19 48. a5 f3+ 49. gxf3 exf3+ 50. Kd2 Re8 51. Nd3 {[#]} g3 $1 {[%mdl 512]} 52. fxg3 Kg4 $2 (52... Re2+ $19 {and Black stays clearly on top.} 53. Kd1 Ke4) 53. b4 $2 {[%mdl 8192] [#]} (53. a6 $17 Re2+ 54. Kc1) 53... Kxg3 $2 (53... Re2+ $1 {mates} 54. Kc1 Re3 55. Kd2 {[#]} Rxd3+ $1 {[%mdl 576] Promotion} 56. Kxd3 Kxg3 57. Kd4 f2 58. a6 f1=Q 59. Kd5 Qf7+ 60. Kc5 Qa7+ 61. Kb5 Kf4 62. Ka5 Ke5 63. Kb5 Qc7 64. Ka4 Qxc4 65. a7 Qa2+ 66. Kb5 Qxa7 67. Kc4 Qf7+ 68. Kd3 Qf3+ 69. Kc2 Kd5 70. Kb3 Qd1+ 71. Ka2 Qc2+ 72. Ka1 Kc4 73. b5 Kxc3 74. b6 Qb2#) 54. b5 $2 {[%mdl 8192]} (54. a6 $16 Rd8 55. a7) 54... Rd8 {Black mates.} 55. Ke3 {[#]} Rxd3+ $1 {[%mdl 576] Deflection, Promotion} 56. Kxd3 {KP-KP} f2 57. Kd4 f1=Q 58. Kc5 Qf8+ 59. Kb6 Qd8+ 60. Kc6 Qxa5 61. c5 {Cut Off at move 61} Qa8+ 62. Kc7 Qa7+ 63. Kc6 Kf4 64. b6 Qb8 65. c4 Ke5 66. Kb5 Qe8+ 67. Ka6 {[#]} Qc6 $1 {Black used his chance.  Weighted Error Value: White=0.67/Black=0.39} 0-1

[Event "XXVII RUS-chT Women 2020"]
[Site "Sochi"]
[Date "2020.11.25"]
[Round "6.15"]
[White "Nasyrova, Ekaterina"]
[Black "Tomilova, Elena"]
[Result "1/2-1/2"]
[WhiteElo "2261"]
[BlackElo "2358"]
[Annotator "TA"]
[PlyCount "100"]
[EventDate "2020.11.19"]
[EventType "team-tourn"]
[EventCountry "RUS"]
[SourceTitle "playchess.com"]
[Source "ChessBase"]
[SourceQuality "1"]

{[%evp 17,100,29,28,31,28,29,43,37,38,41,35,32,42,35,36,39,41,46,47,33,63,64,78,69,69,68,68,60,113,25,25,22,25,29,39,-74,-88,-72,-90,-81,-84,-88,-72,-72,-75,-75,-71,-68,-72,-79,-75,-76,-73,-104,-104,-94,-104,-104,-104,-109,-112,-127,-55,-135,-68,-68,-68,-68,-68,-68,-65,-65,0,0,0,0,0,0,0,0,0,0,0,0,60]} 1. Nf3 d5 2. e3 Nf6 3. c4 c6 4. Nc3 e6 5. b3 Bd6 6. Bb2 O-O 7. d4 Nbd7 8. Bd3 e5 9. cxd5 cxd5 10. dxe5 {D46: Semi-Slav: 5 e3 Nbd7 6 Bd3, Black avoids the Meran.} Nxe5 11. h3 Nxf3+ 12. Qxf3 {White is slightly better.} Be5 13. O-O {[#]} Bd7 $146 ({Predecessor:} 13... Be6 14. Rfd1 Qe7 15. Qe2 Rfd8 16. Nb5 Bxb2 17. Qxb2 a6 18. Nd4 Rac8 19. Rac1 Bd7 {½-½ (57) Anton Guijarro,D (2674)-Robson,R (2670) chess24.com INT 2020}) 14. Rab1 {[%cal Ba1b1,Bb1b2,Bb2c2][%mdl 32]} Bc6 {And now ...Bxc3 would win.} 15. Qf5 Re8 16. Ne2 Bxb2 17. Rxb2 Qd6 18. Rd1 Qa3 19. Rc2 a5 20. Nd4 Bd7 21. Qf4 Rac8 22. Rc7 b6 (22... Rxc7 $14 23. Qxc7 Qxa2) 23. Bf5 ({Better is} 23. Rb7 $16) 23... Rxc7 $11 24. Qxc7 {[%mdl 64] Double Attack} Bxf5 25. Nxf5 Qxa2 {[#]} 26. Qc3 {[#]} (26. Nd6 $1 $14 {[%mdl 512]} Rf8 27. Qxb6) 26... Qxf2+ $1 $17 {[%mdl 576] Decoy} 27. Kxf2 Ne4+ {[%mdl 64] Double Attack} 28. Kf3 {[%csl Gf5][%cal Rc3g7]} Nxc3 {[%mdl 4096] Endgame KRN-KRN} 29. Rd3 Ne4 {...g6 is the strong threat.} 30. Rxd5 g6 31. Nd4 Nc3 32. Rd6 b5 33. Ra6 a4 34. bxa4 bxa4 35. Ne2 Nxe2 36. Kxe2 {KR-KR} Re4 37. Kf3 Rb4 38. g3 Kg7 39. h4 h6 (39... h5 $17 40. Ra7 Kf6) 40. e4 (40. g4 $1 $15) 40... Rb3+ (40... h5 $17 41. Ra7 Kf8) 41. Kf4 $1 $15 Ra3 42. e5 Ra1 {aiming for ...a3.} 43. Ra7 $1 Kf8 44. e6 $1 fxe6 (44... Rf1+ $1 $15 45. Ke4 Re1+ 46. Kf4 Rxe6) 45. Ke5 $11 {The position is equal.} a3 {White must now prevent ...a2.} 46. Kf6 {[%cal Ra7a8]} Ke8 47. Kxe6 {[%cal Ra7a8]} Kd8 {Hoping for ...a2.} 48. Kf6 a2 {Strongly threatening ...Rf1+.} 49. Kxg6 Ke8 50. Kxh6 Kf8 {Weighted Error Value: White=0.14/Black=0.09} (50... Rg1 $11 51. Rxa2 Rxg3) 1/2-1/2

[Event "XXVII RUS-chT Women 2020"]
[Site "Sochi"]
[Date "2020.11.25"]
[Round "6.16"]
[White "Potapova, Margarita"]
[Black "Artemyeva, Olga"]
[Result "1-0"]
[WhiteElo "2266"]
[BlackElo "2069"]
[Annotator "TA"]
[PlyCount "135"]
[EventDate "2020.11.19"]
[EventType "team-tourn"]
[EventCountry "RUS"]
[SourceTitle "playchess.com"]
[Source "ChessBase"]
[SourceQuality "1"]

{[%evp 9,135,8,12,0,0,0,0,0,0,0,0,-85,-88,-108,-103,-138,-110,-146,-127,-167,-100,-98,-103,-211,-107,-170,-112,-119,-130,-141,-133,-184,-145,-215,-51,-107,-71,-82,0,-35,0,0,0,0,9,0,0,0,-5,-11,107,60,410,71,210,177,199,147,469,465,446,444,430,365,431,422,410,403,391,350,350,350,350,350,350,350,331,245,274,208,485,447,528,520,506,424,1614,1525,1390,1414,1155,1002,1527,1035,29971,29972,29970,29971,29974,29974,29972,29973,29977,29977,29977,29978,29980,29980,29980,29981,29976,29978,29984,29985,29987,29987,29987,29988,29989,29990,29990,29991,29991,29990,29990,29991,29991,29992]} 1. d4 d5 2. c4 c6 3. Nf3 Nf6 4. g3 Bg4 5. Ne5 Bf5 6. Qb3 {D11: Slav Defence: 3 Nf3 sidelines and 3...Nf6 4 e3 Bg4.} Qb6 7. cxd5 Qxb3 8. axb3 {The position is equal.} Nxd5 {[#]} 9. Na3 $146 ({Predecessor:} 9. Bg2 Nb4 10. Na3 f6 11. Nec4 N8a6 12. O-O O-O-O 13. e4 Be6 14. Be3 Bxc4 15. Nxc4 {½-½ (34) Pashikian,A (2606)-Hovhannisyan,R (2624) Yerevan 2016}) 9... Nb4 10. Kd2 (10. Bg2 $11 {remains equal.}) 10... f6 $17 11. Nf3 N8a6 12. Nh4 Be6 13. e4 g5 14. Ng2 Bxb3 (14... O-O-O $19 15. Kc3 Bg4) 15. Kc3 Bf7 16. b3 (16. Be3 $17) 16... e6 (16... e5 $19 {And now ...exd4+ would win.} 17. Be3 O-O-O 18. Bxa6 exd4+ 19. Bxd4 Nxa6 20. Bxf6 Bb4+ 21. Kb2 Rd2+ {[%mdl 64] Double Attack} 22. Nc2 Rf8 23. Bxg5 Rxf2) 17. Ne3 (17. Be3 $17) 17... Be7 ({Black should try} 17... e5 $19 {Strongly threatening ...exd4+.} 18. Nac2 exd4+ 19. Nxd4 Nc5) 18. h4 gxh4 19. gxh4 Rg8 20. Be2 (20. Nac2 $17 {was worth a try.}) 20... Nc7 21. Ng4 (21. Nac2 $17 {was called for.} Nxc2 22. Kxc2) 21... Nba6 $2 (21... f5 $19 22. Ne5 Rg2) 22. Nc2 (22. Nh6 $15) 22... Nb5+ 23. Kb2 Rd8 (23... Bg6 $17 24. f3 h5) 24. Be3 h5 (24... Bg6 $5 {[%cal Rg6e4]} 25. Rag1 Rg7 $11) 25. Nh6 Rh8 26. Rhg1 Bf8 27. Nxf7 Kxf7 28. d5 exd5 29. exd5 Bd6 (29... Rxd5 $11 30. Bc4 Nac7) 30. f4 {[#] Black must now prevent dxc6.} Bc5 $2 {[%mdl 8192]} ({Better is} 30... Nac7 $14) 31. Bc4 $2 (31. dxc6 $18 Bxe3 32. Bc4+ Ke8 33. Nxe3) 31... Rxd5 (31... Nd6 $16) 32. Bxc5 Nxc5 {[#]} 33. Nb4 (33. Rgd1 $1 $18) 33... Rhd8 $2 {[%mdl 8192]} (33... Nd6 $16) 34. Nxd5 $18 Rxd5 35. Rgd1 {[%mdl 64] Pin} Nc7 36. Ra5 N5e6 37. Bxd5 Nxd5 38. f5 Ng7 39. Rdxd5 cxd5 40. Rxd5 {[%mdl 4096] Endgame KR-KN} Ke7 41. Kc3 Ne8 42. Kd3 Nd6 43. Ke3 Nf7 44. Ke4 Ne5 $2 (44... Nd6+ 45. Kf4 Nf7) 45. Rd1 a6 46. Rg1 Ng4 47. Rg2 b6 (47... a5 $142 48. Ra2 b6) 48. b4 Kd6 49. Ra2 Kc6 50. Rxa6 Nf2+ 51. Kd4 Nh1 52. Ra3 {White mates.} Nf2 53. Re3 Kb5 54. Re6 Ng4 55. Kd5 Kxb4 56. Rxb6+ Kc3 57. Ke6 Kd4 58. Rb8 Ke4 59. Rh8 Kf4 60. Rxh5 Ne3 61. Kxf6 {Cut Off at move 61} Kg4 62. Rg5+ Kxh4 63. Rg8 Kh5 64. Ke6 Nc2 65. f6 Nd4+ 66. Kd7 Nf3 67. f7 Ne5+ 68. Ke8 {White used his chance.  Weighted Error Value: White=0.32/Black=0.58} 1-0

[Event "XXVII RUS-chT Women 2020"]
[Site "Sochi"]
[Date "2020.11.25"]
[Round "6.17"]
[White "Getman, Tatyana"]
[Black "Elnikova, Milena"]
[Result "1-0"]
[WhiteElo "2303"]
[BlackElo "1435"]
[Annotator "TA"]
[PlyCount "73"]
[EventDate "2020.11.19"]
[EventType "team-tourn"]
[EventCountry "RUS"]
[SourceTitle "playchess.com"]
[Source "ChessBase"]
[SourceQuality "1"]

{[%evp 13,73,33,35,29,71,62,100,85,100,108,122,129,139,50,168,137,145,107,164,118,177,87,173,173,302,282,339,20,543,297,1527,1518,1455,1462,2042,1995,1813,1648,1055,554,29988,1066,1014,1021,872,300,278,218,218,81,84,60,643,641,1352,1348,29984,259,29985,29986,29995,29996]} 1. d4 Nf6 2. c4 g6 3. Nc3 Bg7 4. e4 d6 5. Nf3 O-O 6. h3 Nbd7 7. Bg5 h6 8. Be3 {E90: King's Indian: Classical: Early deviations and 6 h3.} c5 9. d5 Kh7 10. Bd3 {[#] White is better.} Ng8 $146 ({Predecessor:} 10... a6 11. a4 b6 12. g4 Ne8 13. h4 Ne5 14. Nxe5 dxe5 15. h5 g5 16. a5 Nf6 {1-0 (42) Cramling,P (2462)-Neretljak,N (2140) Vaxjo 2019}) 11. Qd2 Ne5 12. Nxe5 Bxe5 13. O-O-O (13. f4 $16 Bg7 14. O-O) 13... f5 ({Better is} 13... a6 $14) 14. exf5 Bxf5 15. Bxf5 Rxf5 (15... gxf5 $16 16. Bf4 Bxf4 17. Qxf4 a6) 16. g4 Rf8 (16... Rf3 $16) 17. h4 (17. f4 $18 {has better winning chances.} Bxc3 18. Qxc3) 17... Qd7 (17... Qa5 $16) 18. Rdg1 $18 Bg7 (18... Rf3 {was called for.} 19. Qd3 Kh8) 19. f4 Nf6 20. f5 $2 ({White should try} 20. Qc2 $18) 20... Qe8 $2 {[%mdl 8192]} (20... gxf5 $11 21. Qc2 Kh8) 21. g5 Ng8 $2 (21... Nh5 22. fxg6+ (22. gxh6 Bxc3 23. fxg6+ Qxg6 $18) 22... Qxg6 23. gxh6 {[%mdl 64] Discovered Attack} Bxc3 24. Qxc3 Qf6 25. Qc2+ Qf5) 22. fxg6+ Qxg6 23. gxh6 {[%mdl 64] [#] Discovered Attack} Bxc3 24. Qxc3 Qf6 25. Rg7+ Kh8 26. Bd2 Rae8 27. Rhg1 (27. Qd3 $142 Qf5 28. Rxg8+ {[%mdl 64] Deflection} Rxg8 29. Qxf5 Rg3 30. h7 a6 31. Bc3+ e5 32. dxe6+ {[%mdl 64] Discovered Attack} Rxc3+ 33. bxc3) 27... Qxc3+ 28. Bxc3 {Threatening mate with Rxg8+.} Nf6 29. h7 $2 (29. Re1 a6 30. Rgxe7 Rxe7 31. Rxe7) 29... Ne4 30. Rg8+ Kxh7 31. R8g7+ (31. R1g7+ $18 {is more deadly.} Kh6 32. Rxf8 {[%mdl 64] Overworked Piece} Rxf8 33. Rxe7 {[%mdl 64] Double Attack} Nxc3 34. bxc3) 31... Kh6 $16 32. Be1 {Hoping for R7g4.} Rf6 $2 {[%mdl 8192]} (32... Rf1 $14) 33. R7g4 $18 Nf2 {[#]} 34. Bd2+ $1 Kh7 35. Rg7+ Kh8 36. R7g5 Rh6 37. Bc3+ {Weighted Error Value: White=0.92/Black=1.43} 1-0

[Event "XXVII RUS-chT Women 2020"]
[Site "Sochi"]
[Date "2020.11.25"]
[Round "6.18"]
[White "Gubernatorova, Lyudmila"]
[Black "Nazarova, Anastasia"]
[Result "1/2-1/2"]
[WhiteElo "2200"]
[BlackElo "2190"]
[Annotator "TA"]
[PlyCount "110"]
[EventDate "2020.11.19"]
[EventType "team-tourn"]
[EventCountry "RUS"]
[SourceTitle "playchess.com"]
[Source "ChessBase"]
[SourceQuality "1"]

{[%evp 19,110,-8,-27,-22,-10,-26,0,0,0,0,0,0,0,0,0,-80,-58,-64,0,0,0,0,0,-37,-53,-47,-32,-29,0,-124,-105,-104,-121,-200,-192,-207,-206,-196,-100,-112,-103,-142,0,0,0,-164,-188,-157,-166,-404,-398,-385,799,804,801,787,704,752,589,0,0,0,0,0,0,-374,248,-371,-369,-353,0,0,0,0,0,0,0,0,0,0,0,0,0,0,0,0,0,0,0,0,0,0,0]} 1. d4 d5 2. c4 e6 3. Nc3 Bb4 4. Nf3 dxc4 5. e4 b5 6. a4 c6 7. Be2 Bb7 8. O-O a6 9. Qc2 Nf6 10. e5 Nd5 11. Bd2 {D31: Queen's Gambit Declined: Semi-Slav without ...Nf6 (+ Marshall Gambit and Noteboom) and Exchange Variation lines without ...Nf6.} Be7 12. Ne4 h6 13. b3 cxb3 14. Qxb3 Nd7 15. Rfc1 O-O {[#]} 16. Bd3 $146 ({Predecessor:} 16. Ne1 f5 17. exf6 N7xf6 18. Qh3 Nxe4 19. Qxe6+ Kh8 20. Qxe4 Nf6 21. Qg6 Qxd4 22. Nf3 Qe4 23. Bd3 Qxg6 24. Bxg6 {1-0 (33) Arnaudov,P (2471)-Dudin,G (2387) chess.com INT 2020}) 16... Qb6 17. a5 (17. Bb1 $1 $11) 17... Qc7 $17 18. Bb1 Rfd8 (18... c5 $15 19. Qc2 f5 20. exf6 N5xf6 21. Nxf6+ Nxf6 22. dxc5 Be4) 19. Qd3 Nf8 20. Nc5 Bxc5 21. dxc5 Ne7 22. Qe4 Neg6 23. h4 Nxe5 24. Bf4 (24. Nxe5 $11 Rxd2 25. Nd3) 24... Nxf3+ 25. Qxf3 e5 26. Bxh6 (26. Bg3 $17) 26... gxh6 $19 27. Qg4+ Kh8 {Strongly threatening ...Qe7.} 28. Qh5 {[#]} f5 $1 29. Bxf5 $17 Qg7 {Hoping for ...Bc8.} 30. Ra3 Bc8 ({Black should try} 30... Rd4 $1 $17 {White must now prevent ...Qf6.} 31. Re1 Qf6) 31. Rg3 $11 Qf6 32. Bg6 $2 (32. Be4 $1 $11 {and White stays safe.}) 32... Qf4 $19 33. Re1 {[#]} Ra7 $1 34. Ree3 $2 (34. Rg5 {was necessary.}) 34... Rg7 35. Ref3 {[#]} Qc1+ $4 {[%mdl 8192]} (35... Rd1+ $2 36. Kh2 $18) (35... Bg4 $1 $19 {[%mdl 512]} 36. Qxg4 (36. Rxg4 Rd1#) 36... Qxg4 37. Rxg4 Nxg6) 36. Kh2 $18 Nxg6 37. Rxg6 Rxg6 38. Qxg6 Rg8 39. Qf6+ $2 ({Better is} 39. Qd6 $18 Kh7 40. Qc7+ Rg7 41. Qxc8) 39... Kh7 $11 40. Qxe5 Qc4 41. Qc7+ {[%mdl 64] Double Attack} Kh8 42. Rf7 $2 {[%mdl 8192]} (42. g3 $11 Qe6 43. Rf7) 42... Qxh4+ $19 ({Not} 42... Qe4 43. g3 $11) 43. Kg1 {[%csl Gc7][%cal Rf7h7]} Qe4 {[%csl Gg8][%cal Re4g2]} 44. f3 Qb1+ $2 (44... Qe1+ $19 45. Kh2 Qh4+ 46. Kg1 Qd4+ 47. Kh2 Qh4+ 48. Kg1 Qd4+ 49. Kh2 Qh4+) 45. Kh2 $11 {White wants to mate with Qe5+.The position is equal.} Qg6 {[%csl Gg8][%cal Rg6g2]} 46. Qe5+ Rg7 {[%csl Gg7][%cal Rg6g2]} 47. Qe8+ {[%mdl 64] Double Attack} Rg8 {[%csl Gg8][%cal Rg6g2]} 48. Qe5+ Rg7 {[%csl Gg7][%cal Rg6g2]} 49. Qe8+ {[%mdl 64] [#] Double Attack} Kh7 $1 {[%csl Gg7][%cal Rg6g2]} 50. Rxg7+ Qxg7 51. Qxc8 {KQ-KQ} Qe5+ 52. Kh3 Qh5+ 53. Kg3 Qg5+ 54. Kh3 Qh5+ 55. Kg3 Qg5+ {Weighted Error Value: White=0.54/Black=0.21} 1/2-1/2

[Event "XXVII RUS-chT Women 2020"]
[Site "Sochi"]
[Date "2020.11.25"]
[Round "6.19"]
[White "Yurasova, Daria"]
[Black "Dorokhina, Elizaveta"]
[Result "1-0"]
[WhiteElo "2075"]
[BlackElo "1824"]
[Annotator "TA"]
[PlyCount "95"]
[EventDate "2020.11.19"]
[EventType "team-tourn"]
[EventCountry "RUS"]
[SourceTitle "playchess.com"]
[Source "ChessBase"]
[SourceQuality "1"]

{[%evp 19,95,47,38,36,56,52,68,47,60,54,56,55,113,29,56,53,74,29,52,49,77,87,60,53,127,124,218,212,218,214,215,215,215,215,222,221,220,189,191,181,189,188,254,254,253,251,290,290,295,293,313,314,313,307,316,276,338,330,329,335,392,390,375,360,397,391,768,767,29979,1601,6116,1137,29986,29981,29990,29987,29991,29992]} 1. c4 c5 2. Nf3 g6 3. g3 Bg7 4. Bg2 Nf6 5. d4 O-O 6. O-O cxd4 7. Nxd4 Nc6 8. Nc3 Qb6 9. Nc2 d6 10. b3 Qa5 11. Nb5 {was the old line (11.Bd2). A39: Symmetrical English vs ...g6: 4 Bg2 Bg7 5 Nf3 Nf6 6 0-0 0-0 7 d4.} Ng4 12. Bd2 Qd8 {[#]} 13. Rb1 $146 {White is slightly better.} ({Predecessor:} 13. Nc3 Nge5 14. h3 h6 15. e4 Kh7 16. Qe2 Nd7 17. Rad1 Nc5 18. Nd5 Ne6 19. Bc3 Bxc3 20. Nxc3 {1-0 (45) Bednar,M (2184)-Rogos,J (2147) Slovakia 2015}) 13... Be6 14. Nc3 Qd7 15. Nd5 Bxd5 (15... Rab8 $14) 16. Bxd5 (16. cxd5 $16 Nd8 17. f3) 16... Rac8 17. Bg2 f5 18. Ne3 Nxe3 19. Bxe3 e5 20. Qd5+ Kh8 21. Rbd1 f4 {[#] White leaves nothing to chance now.} (21... Rcd8 $14) 22. Bc5 $1 $16 {[%mdl 512]} Qf5 (22... Nd4 $16 23. Bxd4 exd4) (22... dxc5 23. Qxd7) 23. Bxd6 $18 Rfd8 24. c5 Nd4 {[#]} 25. Rxd4 $1 {[%mdl 576] Remove Defender} exd4 26. Qxf5 ({But not} 26. gxf4 $6 Qxd5 27. Bxd5 b6 $16) ({Don't do} 26. Qxb7 $6 Rxc5 27. g4 (27. Bxf4 a5 $14) (27. Bxc5 Qxc5 28. Be4 Rf8 $16) 27... Qc8 $16) 26... gxf5 27. Bxb7 Rxd6 28. cxd6 {[%mdl 4096] Endgame KRB-KRB} Rd8 29. Rc1 {d7 is the strong threat.} fxg3 30. hxg3 Be5 (30... Bh6 {is a better defense.} 31. f4 d3 32. exd3 Rxd6) 31. Rc5 Bxd6 32. Rxf5 Kg7 33. Be4 Re8 34. Bd3 Re5 35. Rf4 Bc5 36. Rg4+ Kf6 37. Kf1 h5 38. Rg6+ Kf7 39. Rh6 Kg7 40. Rh7+ Kf6 41. Kg2 Bb6 42. b4 Rd5 $2 (42... Re7 43. Rh6+ Kf7 44. Rxh5 Bc7) 43. a4 Kg5 44. a5 (44. Rf7 $142 Bc7 45. Rxc7 h4 46. gxh4+ Kf6 47. Rxa7 Rd8 48. a5 Rb8 49. a6 Rxb4 50. Rh7) 44... Bd8 45. Rxa7 (45. Rf7 $142 Bc7 46. Rxc7) 45... Bf6 46. Rh7 {White mates.} Rd8 47. f4+ Kg4 48. Rh6 {Weighted Error Value: White=0.11/Black=0.65} 1-0

[Event "XXVII RUS-chT Women 2020"]
[Site "Sochi"]
[Date "2020.11.25"]
[Round "6.20"]
[White "Tinina, Kristina"]
[Black "Balaian, Alina"]
[Result "0-1"]
[WhiteElo "1678"]
[BlackElo "2243"]
[Annotator "TA"]
[PlyCount "80"]
[EventDate "2020.11.19"]
[EventType "team-tourn"]
[EventCountry "RUS"]
[SourceTitle "playchess.com"]
[Source "ChessBase"]
[SourceQuality "1"]

{[%evp 22,80,-3,-21,19,0,15,0,31,-50,-50,-41,-56,-72,-64,-72,-72,-112,-59,-70,-41,-71,-57,-50,-45,-74,-72,-80,-63,-87,-94,-82,-104,-166,-157,-162,-145,-657,-303,-885,-216,-201,-214,-193,-206,-571,-567,-575,-545,-787,-754,-847,-852,-1141,-1147,-1116,-1095,-1235,-1161,-29979,-1102]} 1. e4 e6 2. d4 d5 3. Nc3 Bb4 4. e5 c5 5. a3 Bxc3+ 6. bxc3 Ne7 7. Nf3 Nbc6 8. Bd3 c4 9. Be2 Qa5 10. Bd2 Bd7 11. O-O f6 12. Re1 Ng6 {C19: French: 3 Nc3 Bb4: Main line: 7 Nf3 and 7 a4.} 13. Bf1 O-O-O 14. g3 {[#]} Rde8 $146 {The position is equal.} ({Predecessor:} 14... Rdf8 15. Bg2 {½-½ (15) Alonso,S (2441)-Rodriguez,J (2393) Buenos Aires 2009}) 15. Bh3 (15. a4 $14) 15... h5 $15 16. Bg2 h4 17. Qb1 Qc7 18. Qb2 Ref8 {[%cal Rf6e5]} 19. Rab1 b6 ({Black should try} 19... fxe5 $17 {White must now prevent ...e4.} 20. Nxe5 Ngxe5 21. dxe5 b6) 20. a4 hxg3 21. hxg3 Rh5 22. Qa3 Rf7 ({Of course not} 22... fxe5 23. Nxe5 Ncxe5 24. Rxe5 $14) 23. Be3 fxe5 24. dxe5 Ngxe5 25. Nd4 Nxd4 26. cxd4 Nc6 27. Bf4 (27. Qc1 $17) 27... Rxf4 $19 28. gxf4 Qxf4 {[#]} 29. c3 $2 {[%mdl 8192] This costs White the game.} (29. a5 $1 $17 {[%mdl 512]} Nxa5 (29... bxa5 30. Re3) 30. Qf3 Qh2+ 31. Kf1) 29... e5 (29... Qh2+ $142 30. Kf1 Rg5 31. Qf8+ Be8 $1 {[%mdl 512]}) 30. Qd6 $2 (30. Re3 exd4 31. Rg3) 30... Rf5 $2 (30... Qh2+ 31. Kf1 Rg5) 31. Rb2 exd4 {[%mdl 64] Discovered Attack} 32. Qxf4 Rxf4 33. Bxd5 $2 (33. cxd4 {was the crucial defense.} Nxd4 34. Bxd5) 33... dxc3 34. Rc2 Nb4 {[%mdl 64] Double Attack, Discovered Attack} 35. Rxc3 Nxd5 36. Rg3 c3 37. Rd1 c2 38. Rc1 Bxa4 39. Rxg7 Nc3 {And now ...Ne2+ would win.} 40. Re1 Ne2+ {Weighted Error Value: White=1.07/Black=0.64} (40... Nd1 $142 41. Ree7 {[#]} Bd7 $1 {[%mdl 512]} 42. Rg8+ Kc7 43. Rxd7+ Kxd7 44. Rg7+ Kd6 45. Rg6+ Kd5 46. Rg5+ Kd4 47. Kh2 c1=Q 48. Rg8 Rxf2+ 49. Kg1 Qf4 50. Rd8+ Kc5 51. Rc8+ Kb5 52. Rc5+ Kxc5 53. Kh1 Qh2#) 0-1